000 01141nam a22003377a 4500
003 CHAP
005 20220329133620.0
008 971013s1992 r 00010 d
010 _a8590
011 _a9562
035 _a8797
040 _cCHAP
090 _aTesis
100 0 0 _aVásquez de la Rosa, Arturo.
_9120232
245 _aPrueba de densidades de siembra y niveles de fertilización nitrofosfórica en trigo para el municipio de Marín, N.L.
260 _aMonterrey, N.L. :
_bEl autor,
_c1992
300 _a46 h
502 _aTesis (Ing. Agr. Fitotecnista) -- UANL. Fac. de Agronomía
590 _aALEPH
_b10
_c20130110
_lUCH01
_h1224
590 _aBATCH-UPD
_b10
_c20130110
_lUCH01
_h2024
590 _aBATCH-UPD
_b10
_c20130410
_lUCH01
_h1342
590 _aBATCH-UPD
_b10
_c20130914
_lUCH01
_h1425
590 _aCONVERSION
_b10
_c20130109
_lUCH01
_h1306
650 1 4 _aFósforo
_xEfecto en trigo.
_942258
650 1 4 _aNitrógeno
_xEfecto en trigo.
_981467
650 1 4 _aTrigo
_xEspaciamiento.
_9115021
650 1 4 _aTrigo
_xNuevo León.
_9115069
901 _aBK
942 _cTESIS
949 _bBC
_cTES
_d-19137
_eTS1
_h30026
_i8797
_si
999 _c8590
_d8590